Nuevas técnicas en horticultura
Saved in:
| Hovedforfatter: | |
|---|---|
| Format: | Bog |
| Sprog: | spansk |
| Udgivet: |
Almería
Confederación Española de Cajas de Ahorros
1988
|
| Fag: | |
| Tags: |
Tilføj Tag
Ingen Tags, Vær først til at tagge denne postø!
|
MARC
| LEADER | 00000nam a2200000 a 4500 | ||
|---|---|---|---|
| 001 | UCR4496 | ||
| 003 | CL-VaPUC | ||
| 008 | 980313e19880000SP |||||||||||||||||spa|d | ||
| 082 | 0 | 4 | |a 635 |b PAL |2 21 |
| 100 | |a Palomar Oviedo, Francisco |e autor |9 404724 | ||
| 245 | 1 | 0 | |a Nuevas técnicas en horticultura |
| 300 | |a 347 p | ||
| 942 | |c BK | ||
| 945 | |d 19980313 00:00:00 |a rleighto | ||
| 260 | |a Almería |b Confederación Española de Cajas de Ahorros |c 1988 | ||
| 650 | 0 | |a Horticultura |9 259721 | |
| 650 | 0 | |a Agricultura |9 255598 | |
| 650 | 0 | |a Clima |9 265281 | |
| 650 | 7 | |a SUELO |2 CL-VaPUC |9 348469 | |
| 650 | 0 | |a Agua |9 257149 | |
| 650 | 0 | |a Cultivos |9 264356 | |
| 650 | 0 | |a Riego |9 259685 | |
| 650 | 7 | |a CONTROL FITOSANITARIO |2 CL-VaPUC |9 395517 | |
| 583 | |a last modification |c 19980313 00:00:00 |k Rodrigo Vera | ||
| 999 | |c 267437 |d 267435 | ||